000
00426nam a2200145Ia 4500
008
100122s9999 xx 000 0 und d
082
_b
4372
_a
821
100
_a
आठवले शांताराम
245
_a
एकलें बीज
260
_b
यशवंत गोपाळ जोशी
_c
1938
300
_a
50
630
_a
एकलें बीज
730
_a
एकलें बीज
942
_c
BOOK
999
_c
398009
_d
398006